The Art of Capmouflage (Record no. 552850)
[ view plain ]
| 000 -LEADER | |
|---|---|
| fixed length control field | 00423nam a2200157Ia 4500 |
| 020 ## - INTERNATIONAL STANDARD BOOK NUMBER | |
| International Standard Book Number | (hb) |
| 082 ## - DEWEY DECIMAL CLASSIFICATION NUMBER | |
| Classification number | 355.41 |
| Author Mark | CHE |
| 100 ## - MAIN ENTRY--PERSONAL NAME | |
| Personal name | Chesney, Lieut-Colonel C. H. R. |
| 9 (RLIN) | 50108 |
| 245 ## - TITLE STATEMENT | |
| Title | The Art of Capmouflage |
| 260 ## - PUBLICATION, DISTRIBUTION, ETC. | |
| Place of publication, distribution, etc. | London: |
| Name of publisher, distributor, etc. | Robert Hale Limited |
| Date of publication, distribution, etc. | 1941 |
| 300 ## - PHYSICAL DESCRIPTION | |
| Extent | 252p. |
| 526 ## - STUDY PROGRAM INFORMATION NOTE | |
| Program name | 0 |
| Interest level | 0 |
| Reading level | 0 |
| Title point value | 355_410000000000000_CHE |
| 650 ## - SUBJECT ADDED ENTRY--TOPICAL TERM | |
| Topical term or geographic name entry element | Camouflage (Miltary Science) |
| 9 (RLIN) | 50109 |
| 650 ## - SUBJECT ADDED ENTRY--TOPICAL TERM | |
| Topical term or geographic name entry element | MCE |
| 9 (RLIN) | 379 |
| 942 ## - ADDED ENTRY ELEMENTS (KOHA) | |
| Source of classification or shelving scheme | |
| Koha item type | Book |
| Withdrawn status | Lost status | Source of classification or shelving scheme | Damaged status | Not for loan | Permanent Location | Current Location | Shelving location | Date acquired | Total Checkouts | Full call number | Barcode | Date last seen | Date last checked out | Price effective from | Koha item type |
|---|---|---|---|---|---|---|---|---|---|---|---|---|---|---|---|
| Military College of Engineering (MCE) | Military College of Engineering (MCE) | 01/23/2015 | 1 | 355.41 CHE | MCE-ECA/73 | 12/23/2016 | 12/05/2016 | 01/23/2015 | Book |
